000 00521nam a22002177a 4500
003 UA-OsUOA
001 48034
007 ta
008 20070827b un ||||| |||| 00| 0 ukr d
090 _a821.161.1
_bВ39
942 _cBK
040 _aUA-OsUOA
_brus
_cUA-OsUOA
_dUA-OsUOA
245 _aВетер века
300 _a345 с.
955 _a3
041 _arus
080 _a821.161.1
260 _aМ.
_c1976
650 7 _a82 Література. Літературознавство
_2UDC
999 _c334129
_d334129